000
00430nam a2200145Ia 4500
008
100204s9999 xx 000 0 und d
082
_b
20231
100
_a
पेठे मेघना
245
_a
हंस अकेला
260
_b
"राजहंस प्रकाशन , पुणे"
_c
1997
300
_a
152
630
_a
हंस अकेला
730
_a
हंस अकेला
942
_c
BOOK
999
_c
464653
_d
464650